000 00493nam a22001812 4500
001 0000000519
005 20151217155803.0
008 070207s xx 000 0 eng d
040 _aKABU
_cKABU
050 0 _aDT434
_b.N93O24
100 1 _aOchieng, William R.
_@0000148735
245 1 3 _aAn Outline history of Nyanza up to 1914.
260 _aNairobi :
_bEALB,
_c1974.
300 _a104 p.
908 _a070207
950 _@1
999 _c12376
_d12376